000
00331 a2200157 4500
001
186970
020
_a
85-262-1658-9
040
_c
Magnum
240
1
0
_a
A cabra do seu joaquim
_l
por
245
1
0
_a
A cabra do seu joaquim
300
_a
23
362
0
_a
1994
440
1
_a
Scipione
697
_a
LITERATURA INFANTO
942
_c
BK
999
_c
186970
_d
186970